000
00284nam a2200121Ia 4500
005
20251222141852.0
008
251222s9999||||xx |||||||||||||| ||spa||
082
_a
869.569/R68C
100
_a
Rivera Feijoo, Juan Francisco
245
0
_a
César Vallejo:
264
_b
Amaru
942
_c
LIB
999
_c
7765
_d
7765